000 00778nam a2200241Ia 4500
003 GCL
008 140319s9999 xx 000 0 ara d
040 _aGCL /
_cGCL
082 0 4 _a330.953
_bس ح
100 1 _aالسيد طه السيد ابو سديرة
245 1 0 _aالحرف والصناعات فى مصر الاسلاميه /
_cالسيد طه السيد ابو سديرة
260 _a[S.N] :
_bالهيئة المصرية العامة للكتاب ،
_c1991
300 _a495 ص
490 _a
650 0 4 _aمصر
650 0 4 _aتاريخ
650 0 4 _aالصناعة
650 0 4 _aالصناعات اليدوية
650 0 4 _aاقتصاديات
650 0 4 _aالمدن الصناعية
650 0 4 _aالصناعة والدولة
942 _2ddc
_cBK
999 _c28179
_d28179